MARC

LEADER 00000nam0a2200000 4500
001 57178
005 20231101211641.0
010 |a 5356015109 
035 |a (RuTPU)RU\TPU\book\60313 
090 |a 57178 
100 |a 20031024d2001 m y0rusy50 ca 
101 0 |a rus 
102 |a RU 
105 |a y e 001zy 
200 1 |a Толковый словарь по электронике  |f Н. Д. Федоров, Д. Н. Федоров 
210 |a Москва  |c Радио и связь  |d 2001 
215 |a 238 с. 
320 |a Алфавитный указатель терминов: с. 220-237. 
606 1 |a Электроника  |2 stltpush  |3 (RuTPU)RU\TPU\subj\20310  |9 45419 
610 1 |a вакуумная электроника 
610 1 |a твердотельная электроника 
610 1 |a квантовая электроника 
610 1 |a термины 
610 1 |a толковые словари 
675 |a 621.38(038)  |v 3 
700 1 |a Федоров  |b Н. Д.  |g Николай Дмитриевич 
701 1 |a Федоров  |b Д. Н.  |g Дмитрий Николаевич 
801 1 |a RU  |b 63413507  |c 20031024  |g PSBO 
801 2 |a RU  |b 63413507  |c 20130524  |g PSBO 
942 |c BK